| 000 | 01343nam0a2200337 i 4500 | ||
|---|---|---|---|
| 001 | RU\NLR\bibl\1956201 | ||
| 005 | 20260406010530.0 | ||
| 010 |
_a9785444401262 _95000 |
||
| 021 |
_aRU _b2012-51034 _9467д/12 |
||
| 035 | _a(NLR Aleph) 001945280 | ||
| 090 |
_a3620886 _c3620886 |
||
| 100 | _a20121016d2012 u y0rusy50 ca | ||
| 101 | 0 |
_arus _aspa |
|
| 102 | _aRU | ||
| 105 | _ay ||||||||| | ||
| 200 | 1 |
_aРусско-испанский разговорник _dManual de conversación ruso-español _fН.М. Шидловская _zspa |
|
| 210 |
_aМосква _cВече _d2012 |
||
| 215 |
_a318 с. _d15 |
||
| 225 | 1 | _aРазговорники | |
| 300 | _aНа обл. авт. не указан | ||
| 300 | _aАвт. также на исп. яз.: | ||
| 510 | 1 |
_6z20790 _aManual de conversación ruso-español _zspa |
|
| 606 | 1 |
_aРусский язык _xРазговорники _xИспанский язык _91553880 _3RU\NLR\auth\66979640 |
|
| 686 | _aШ141.12-498.1 | ||
| 686 | _aШ147.21-498.2 | ||
| 700 | 1 |
_4070 _8rus _7ca _aШидловская _bН. М. _f1946- _gНадежда Михайловна _3RU\NLR\auth\77115993 _998918 |
|
| 790 | 1 |
_4070 _8rus _7ba _aŠidlovskaja _bN. M. _f1946- _gNadežda Michajlovna _3RU\NLR\auth\77115994 _998919 |
|
| 801 | 0 |
_aRU _bNLR _c20121016 _gRCR |
|
| 801 | 1 |
_aRU _bNLR _c20121016 |
|
| 942 | _cBOOK | ||
| 980 | _aNBR | ||